| Tag |
First Indicator |
Second Indicator |
Subfields |
| LEADER |
00000cam a2200000 a 4500 |
| 001 |
in00002161663 |
| 006 |
m e d # |
| 007 |
cr mn mmmmabba |
| 008 |
821119s1795 meu s 000 0 eng d |
| 005 |
20260331142222.8 |
| 035 |
|
|
|z w003183
|
| 035 |
|
|
|a MAAR8211191806B
|
| 035 |
|
|
|9 mwa91-3881
|
| 035 |
|
|
|a 344242
|
| 035 |
|
|
|a aas03003183
|
| 040 |
|
|
|a MWA
|c MWA
|e bdrb
|d UtOrBLW
|
| 100 |
1 |
|
|a Robbins, Chandler,
|d 1738-1799.
|
| 245 |
1 |
2 |
|a A sermon, preached at the ordination of the Rev. Eliphalet Gillett :
|b to the pastoral charge of the church in the South Parish in Hallowell, (District of Maine) August 12th, 1795. /
|c By Chandler Robbins, D.D. Pastor of the First Church in Plymouth.
|
| 264 |
|
3 |
|a [Hallowell, Maine] :
|b Printed by Wait, Robinston & Baker, at the Hook, Hallowell,
|c MDCCXCV [1795]
|
| 300 |
|
|
|a 31 pages, 1 unnumbered page ;
|c 21 cm. (octavo)
|
| 336 |
|
|
|a text
|b txt
|2 rdacontent
|
| 337 |
|
|
|a computer
|b c
|2 rdamedia
|
| 338 |
|
|
|a online resource
|b cr
|2 rdacarrier
|
| 500 |
|
|
|a Half-title: Dr. Robbins' sermon, delivered at the ordination of the Reverend Mr. Gillett, August 12, 1795.
|
| 500 |
|
|
|a "The charge, by the Rev. Moses Hemmenway ..."--pages [25]-29. "The right hand of fellowship, by the Rev. Alden Bradford ..."--pages [30]-31.
|
| 510 |
4 |
|
|a Evans
|c 29423
|
| 510 |
4 |
|
|a Noyes, R.W. Maine,
|c 75
|
| 530 |
|
|
|a Microform version available in the Readex Early American Imprints series.
|
| 533 |
|
|
|a Electronic text and image data.
|b [Chester, Vt. :
|c Readex, a division of Newsbank, Inc.,
|d 2002-2004.
|e Includes files in TIFF, GIF and PDF formats with inclusion of keyword searchable text.
|f (Early American imprints. First series ; no. 29423).
|
| 500 |
|
|
|a Electronic resource.
|
| 600 |
1 |
0 |
|a Gillet, Eliphalet,
|d 1768-1848.
|
| 655 |
|
7 |
|a Ordination sermons
|y 1795.
|2 rbgenr
|
| 700 |
1 |
|
|a Hemmenway, Moses,
|d 1735-1811.
|
| 700 |
1 |
|
|a Bradford, Alden,
|d 1765-1843.
|
| 752 |
|
|
|a United States
|b Maine
|d Hallowell.
|
| 830 |
|
0 |
|a Early American imprints.
|n Series I,
|p Evans (1639-1800) ;
|v no. 29423.
|
| 856 |
4 |
1 |
|u http://proxy.library.tamu.edu/login?url=https://opac.newsbank.com/select/evans/29423
|y Evans Digital Edition
|t 0
|
| 999 |
|
|
|a MARS
|
| 999 |
f |
f |
|s 4ca7c840-5e87-352e-9db8-93217310e3f5
|i 52d4ed68-4a33-341c-94c1-0cb64b6e11fc
|t 0
|
| 952 |
f |
f |
|a Texas A&M University
|b College Station
|c Electronic Resources
|s www_evans
|d Available Online
|t 0
|h No information provided
|
| 998 |
f |
f |
|t 0
|l Available Online
|